[Event "Dortmund Sparkassen op-C 47th"]
[Site "Dortmund"]
[Date "2019.07.17"]
[Round "5"]
[White "Besou, Mustafa"]
[Black "Bohry, Patrick"]
[Result "0-1"]
[WhiteElo "1428"]
[BlackElo "1246"]
[PlyCount "54"]
[EventDate "2019.07.13"]
[EventType "swiss"]
[EventRounds "9"]
[EventCountry "GER"]
[SourceTitle "CBM 192 Extra"]
[Source "Chessbase"]
[SourceDate "2019.11.06"]
[SourceVersion "1"]
[SourceVersionDate "2019.11.06"]
[SourceQuality "1"]

1. e4 c5 2. Nf3 e6 3. d4 cxd4 4. Nxd4 Nc6 5. Nb5 d6 6. Bf4 e5 7. Be3 a6 8. N5a3 Nf6 9. f3 Be7 10. Nc4 d5 11. Bb6 Qd7 12. exd5 Nxd5 13. Bd3 Bd8 14. Bc5 Be7 15. Bf2 b5 16. Nb6 Nxb6 17. Bxb6 Rb8 18. Bf2 0-0 19. 0-0 Qc7 20. c3 Be6 21. Qc2 f5 22. Nd2 Rbc8 23. a3 Rfd8 24. Kh1 Qd7 25. Rad1 Qxd3 26. Qxd3 Rxd3 27. Nb3 Rxd1 0-1